| 000 | 00784nam a22002055i 4500 | ||
|---|---|---|---|
| 001 | 161564 | ||
| 003 | ES-MaACL | ||
| 005 | 20230906212320.0 | ||
| 008 | 041021s1897 gw |||| | eng d | ||
| 040 |
_aCAM _bspa _cCAM |
||
| 100 | 1 |
_aPavia, Luigi. _989680 |
|
| 245 | 1 | 0 |
_aElementary spanish grammar _b: with exercises and a vocabulary : method Gaspey-Otto-Sauer / _cby Luigi Pavia. |
| 260 |
_aHeildelberg [etc.] : _bJulius Groos [etc.], _c1897. |
||
| 300 |
_aVIII, 213 p. ; _c21 cm. |
||
| 490 | 1 | _aMethod Gaspey-Otto-Sauer for the study of modern languages | |
| 650 | 4 |
_aLengua española- _xGramática. _914161 |
|
| 830 | 0 |
_aMethod Gaspey-Otto-Sauer for the study of modern languages _9222124 |
|
| 852 |
_aES-MaACL _jB-3046 _z-- Enc. editorial en tela |
||
| 999 |
_c161564 _d161564 |
||